Central Library OPAC University of Rajshahi

Japanese tales / (Record no. 60991)

MARC details
000 -LEADER
fixed length control field 00886nam a2200289 a 4500
001 - CONTROL NUMBER
control field 60991
003 - CONTROL NUMBER IDENTIFIER
rucl marc code BD-RjUL
005 - DATE AND TIME OF LATEST TRANSACTION
control field 20211209080917.0
008 - FIXED-LENGTH DATA ELEMENTS--GENERAL INFORMATION
fixed length control field 170105s1987 nyua b 001 0 eng
020 ## - INTERNATIONAL STANDARD BOOK NUMBER
International Standard Book Number 0394521900 :
Terms of availability $19.95
International Standard Book Number 0394756568
035 ## - SYSTEM CONTROL NUMBER
System control number (BD-RjUL)61115
040 ## - CATALOGING SOURCE
Original cataloging agency DLC
Transcribing agency DLC
Modifying agency DLC
Language of cataloging eng
041 ## - LANGUAGE CODE
Language code of text/sound track or separate title eng
082 00 - DEWEY DECIMAL CLASSIFICATION NUMBER
Classification number 398.20952
Author mark and year JAP 1987
245 00 - TITLE STATEMENT
Title Japanese tales /
Statement of responsibility, etc. selected, edited, and translated by Royall Tyler.
250 ## - EDITION STATEMENT
Edition statement 1st ed.
260 ## - PUBLICATION, DISTRIBUTION, ETC. (IMPRINT)
Place of publication, distribution, etc. New York :
Name of publisher, distributor, etc. Pantheon Books,
Date of publication, distribution, etc. c1987.
300 ## - PHYSICAL DESCRIPTION
Pagination lvi, 340 p. :
Illustrations ill. ;
Size 24 cm.
490 1# - SERIES STATEMENT
Series statement Pantheon fairy tale and folklore library
504 ## - BIBLIOGRAPHY, ETC. NOTE
Bibliography, etc Includes Bibliography: p. [331]-332. and index.
650 #0 - SUBJECT ADDED ENTRY--TOPICAL TERM
Topical term or geographic name as entry element Tales
Geographic subdivision Japan.
9 (RLIN) 181897
700 1# - ADDED ENTRY--PERSONAL NAME
Personal name Tyler, Royall.
830 #0 - SERIES ADDED ENTRY--UNIFORM TITLE
Uniform title Pantheon fairy tale & folklore library.
942 ## - ADDED ENTRY ELEMENTS (KOHA)
Source of classification or shelving scheme Dewey Decimal Classification
Koha item type Books
Holdings
Lost status Source of classification or shelving scheme Damaged status Not for loan Collection code Permanent Location Current Location Shelving location Date acquired Total Checkouts Full call number Date last seen Copy number Koha item type
  Dewey Decimal Classification   Not For Loan Non-fiction Central Library, University of Rajshahi Central Library, University of Rajshahi Reading Room 10/07/1994   398.20952 JAP 1987 05/01/2017 C-1 Books